000 00275nam a22001217a 4500
008 170328b xxu||||| |||| 00| 0 eng d
041 _aeng
080 _213 ED
_a796.3
100 _a8
101 _aSHM
245 _aSTRUCTURE FUNCTION OF THE BODY
_cSWISHER.L
942 _2udc
_cBK
999 _c8877
_d8877